000 nam a22 7a 4500
999 _c7910
_d7910
008 171108b xxu||||| |||| 00| 0 eng d
100 _94375
_aARORA.S
245 _aMATHEMATICS EXAM GURU CLASS -X
260 _aDELHI
_bFULL MARKS
_c2017